| 000 | 00419nam a2200169 a 4500 | ||
|---|---|---|---|
| 001 | 0000-9007 | ||
| 003 | ELIB.Books | ||
| 008 | 110520 1991 | ||
| 035 | _a(ELIB.Books)0000-9156 | ||
| 082 |
_a248.86 _bKen |
||
| 100 | _aKennedy, D. James | ||
| 245 | _aTurn it to Gold | ||
| 260 |
_bMichigan: Servant Publication _c1991 |
||
| 650 | _aSuffering | ||
| 942 |
_2ddc _cBK |
||
| 998 |
_cbat _e2011-05-20 |
||
| 999 |
_c9007 _d9007 |
||